000 00541nam a2200205Ia 4500
008 200601s9999 xx 000 0 und d
050 _aREF AG 243
050 _b.G85 2012
245 0 _aGuinness world recoreds 2013 :
245 0 _bdiscover a world of new records /
260 _aUSA :
260 _bGuinnes World Records Ltd.,
260 _c2013
300 _a286 pages :
300 _bcolor illustrations ;
300 _c30 cm.
500 _aIncludes index.
650 _aCuriousities and wonders.
650 _xWorld records.
999 _c363266
_d363266